书目信息 |
| 题名: |
原来36计可以这样用
|
|
| 作者: | 金志文 编著 | |
| 分册: | ||
| 出版信息: | 北京 中共中央党校出版社 2007.05 |
|
| 页数: | 12, 302页 | |
| 开本: | 24cm | |
| 丛书名: | ||
| 单 册: | ||
| 中图分类: | E892-49 | |
| 科图分类: | ||
| 主题词: | 兵法--bing fa--中国--古代 , 兵法--古代 , 作战方法--古代 | |
| 电子资源: | ||
| ISBN: | 978-75035-3676-2 | |
| 000 | 00875nam0 2200265 450 | |
| 001 | 012007546124 | |
| 005 | 20080828161106.89 | |
| 010 | @a978-75035-3676-2@dCNY29.00 | |
| 100 | @a20070315d2007 km y0chiy0121 ea | |
| 101 | 0 | @achi |
| 102 | @aCN@b110000 | |
| 105 | @ay z 000yy | |
| 200 | 1 | @a原来36计可以这样用@Ayuan lai 36 ji ke yi zhe yang yong@f金志文编著 |
| 210 | @a北京@c中共中央党校出版社@d2007.05 | |
| 215 | @a12, 302页@d24cm | |
| 330 | @a本书把36计分成6套,即胜战计、敌战计、攻战计、混战计、并战计和败战计。前3篇是处在优势情况下所用之计,后3篇是处于劣势情况下所用之计。 | |
| 605 | @a三十六计@Asan shi liu ji@j通俗读物 | |
| 606 | 0 | @a兵法@Abing fa@y中国@z古代 |
| 606 | 0 | @a兵法@x古代 |
| 606 | 0 | @a作战方法@x古代 |
| 690 | @aE892-49@v4 | |
| 701 | 0 | @a金志文@Ajin zhi wen@4编著 |
| 801 | @aCN@bLR@c20080828 | |
| 905 | @aZUCC@dE892-49@eJ830 | |
| 999 | @aCJ | |
| 原来36计可以这样用/金志文编著.-北京:中共中央党校出版社,2007.05 |
| 12, 302页;24cm |
| ISBN 978-75035-3676-2:CNY29.00 |
| 本书把36计分成6套,即胜战计、敌战计、攻战计、混战计、并战计和败战计。前3篇是处在优势情况下所用之计,后3篇是处于劣势情况下所用之计。 |
| ● |
| 相关链接 |
|
|
|
正题名:原来36计可以这样用
索取号:E892-49/J830
 
预约/预借
| 序号 | 登录号 | 条形码 | 馆藏地/架位号 | 状态 | 备注 |
| 1 | 676561 | 206765614 | 社科库509/509社科库 123排1列6层/ [索取号:E892-49/J830] | 在馆 | |
| 2 | 676562 | 206765623 | 社科库509/509社科库 123排1列6层/ [索取号:E892-49/J830] | 在馆 | |
| 3 | 676563 | 206765632 | 社科库509/509社科库 123排1列6层/ [索取号:E892-49/J830] | 在馆 |